Statistiques concernant Les 5 Capitales les plus proche de Berlin, Amsterdam, Bruxelles et Luxembourg

Cliquez ici pour prendre le quiz!

Statistiques générales

  • Ce quiz a été pris 70 fois
  • Le résultat moyen est 12 sur 13

Statistiques - réponses

Answer % Correct
Paris
100%
Bruxelles
100%
Berlin
100%
Amsterdam
100%
Luxembourg
98%
Vienne
97%
Berne
97%
Varsovie
95%
Londres
95%
Copenhague
91%
Prague
89%
Vaduz
85%
Bratislava
67%

Distribution des résultats

Percentile by Number Answered

% des personnes avec chaque résultat

Votre développement - résultats

Vous n’avez pas pris ce quiz